Statystyki dla Nazwy piłek na piłkarskich Mistrzostwach Świata i Europy

Kliknij tutaj aby rozwiązać quiz!

Ogólne statystyki

  • Ten quiz został rozwiązany 69 razy
  • Średni wynik to 3 z 38

Statystyki odpowiedzi

TurniejRokOdpowiedź% Poprawnych
Mundial2014Brazuca
67%
Mundial1978Tango
63%
Mundial2010Jabulani
58%
Euro2012Tango 12
39%
Mundial1970Telstar
39%
Euro2004Roteiro
17%
Euro2016 (faza grupowa)Beau Jeu
16%
Euro2020Uniforia
9%
Euro2008Europass
8%
Mundial2002Fevernova
6%
Mundial2006Teamgeist
6%
Mundial2018 (faza grupowa)Telstar 18
6%
Mundial1998Tricolore
6%
Mundial1986Azteca
3%
Mundial1994Questra
2%
Euro1980Tango Italia
2%
Euro2000Terrestra Silverstream
2%
Mundial1938Allen
0%
Mundial1966Challenge 4-Star
0%
Mundial1962Crack
0%
Mundial1950Duplo T
0%
Euro1992Etrusco Unico
0%
Mundial1990Etrusco Unico
0%
Mundial1934Federale 102
0%
Euro2016 (faza pucharowa)Fracas
0%
Euro1996Questra Europa
0%
Mundial1954Swiss World Champion
0%
Mundial1982Tango España
0%
Euro1988Tango Europa
0%
Euro1984Tango Mundial
0%
Euro1972Telstar Durlast
0%
Euro1976Telstar Durlast
0%
Mundial1974Telstar Durlast
0%
Euro1968Telstar Elast
0%
Mundial2018 (faza pucharowa)Telstar Mechta
0%
Mundial1930Tiento
0%
Mundial1930T-Model
0%
Mundial1958Top Star
0%

Rozkład punktacji

Percentyl według liczby udzielonych odpowiedzi

Procent ludzi z każdym wynikiem

Twoja historia wyników

Nie rozwiązałeś tego quizu